Lord of the Rings First 10 Men Named - Statistics

General Stats
  • This quiz has been taken 101 times
    67 since last reset
  • The average score is 5 of 10
Answer Stats
Hint Answer % Correct
3 Aragorn
97%
2 Isildur
80%
1 Elendil
70%
5 Barliman Butterbur
67%
6 Bill Ferny
67%
7 Beren
30%
4 Harry
30%
10 Beorn
17%
8 Barahir
10%
9 Grimbeorn
7%
No matching quizzes found
Score Distribution
Percent of People with Each Score
Percentile by Number Answered
Your Score History
You have not taken this quiz since the last reset